01910agaaa2200301 45000010005000000030009000050050017000140070009000310080040000400400023000800410013001031000047001161300012001632450192001752500022003672600129003893000034005185080185005525110091007375200454008285380016012825460013012986500059013117000059013707000061014297000063014907000055015538024IT-RoPAU20220918181234.0d cvaizq50131s9999||||xx ||| | || ||und|| aIT-RoPAUcIT-RoPAU aITALIANO aCameron JamesgCodice regista SPICS: 51310 aTITANIC aTITANICcProdotto da: Landau J. Cameron J -- Sceneggiatura: Cameron James -- Diretto da: Cameron JamespJAMES CAMERON - ALIENS - THE ABYSS - TITANIC (Rif. Codice opera principale : H8021) aEdizione Standard a(USA)bLIGHTSTORM ENTERT. - PARAMOUNT PICTURES - 2 / Distribuzione: RICORDIg"1998 (1° ed.: 2007 ; Ed. Lingua Orig.: 1998)" aDVDbsonoro, col.c189 minuti a"Fotografia: Carpenter Russel; Montaggio: Cameron J. Buff C.; Musica: Horner James; Sceneggiatura: Cameron James; Scenografia: Lamont Peter; Soggetto: Cameron James -- Giler David" a"Di; Caprio Leonardo; Winslet Kate; Zane Billy; Bates Kathy; Fischer Frances; Hill B." aSTORIA D'AMORE SENZA FINE CHE CONQUISTA TUTTI I CUORI DEGLI APPASSIONATI DIVENTANDO IL FILM PIU' FAMOSO NELLA STORIA DEL CINEMA. JACK E ROSE, I DUE GIOVANI AMANTI CHE TROVANO L'INFINITO AMORE NEL VIAGGIO DELL'INAFFONDABILE TITANIC. MA QUANDO IL TRANSATLANTICO SI SCONTRA CON UN ICEBERG NEL FREDDO MARE DEL NORD ATLANTICO, IL LORO AMORE VIENE SCONVOLTO E SI TRASFORMA IN UNA CORSA MOZZAFIATO PER SOPRAVVIVERE AL DISASTRO. VINCITORE DI 11 PREMI OSCAR. aPAL, STEREO aITALIANO aDRAMMATICOeDVD-FILM [DVD]xCodice MATERIA SPICS: 9947 aCameron James e(regista)gCodice regista SPICS: 51310 aCameron James e(soggetto)gCodice Soggetto SPICS: 51310 aGiler David e(soggetto)gCodice Soggetto 2° SPICS: 32791 aHorner Jamese(musica)gCodice Musica SPICS: 13090